| 000 | 00840nam a2200253Ia 4500 | ||
|---|---|---|---|
| 001 | 18204 | ||
| 003 | GE_BSU | ||
| 008 | 181216s||||||||xx |||||||||||||| ||und|| | ||
| 020 | _aISBN 9780879698249 (alk. paper) | ||
| 040 | _cGE_BSU | ||
| 080 | _a577.21 | ||
| 245 | _aMolecular biology of aging | ||
| 245 | _cedited by:Leonard P. Guarente, Linda Partridge, Douglas C. Wallace. | ||
| 260 | _aNew York | ||
| 260 | _bCold Spring Harbor Laboratory Press, | ||
| 260 | _c2008 | ||
| 300 | _aviii, 610 p, ill. (some col.) ; 24 cm. | ||
| 541 | _h181gel. | ||
| 653 | _aAging--Molecular aspects. Aging--physiology. Aging--genetics. Cell Aging--physiology. Molecular Biology. | ||
| 653 | _aMolecular biology of aging | ||
| 653 | _aბიოლოგია | ||
| 653 | _aმოლეკულური ბიოლოგია | ||
| 942 | _cBK | ||
| 999 |
_c51244 _d51244 |
||